000 00543nam 22001933 4500
001 196471
010 _a972-21-1683-5
021 _b221992/05
090 _a196471
100 _a20250604d u||y0pory50 ba
200 _aHistória da filosofia do direito portuguesa
_fAntónio Braz Teixeira
210 _aLisboa
_cEditorial Caminho
_d2005
215 _a257 p.
_cbrochado
_d21 cm
606 _97813
_aDireito
675 _a34
_vPT
_zpor
700 _912559
_aTeixeira
_bAntónio Braz
801 _aPT
_bBMMN
_gRPC
830 _cFernando
_fFernando
990 _cLIVROS